00404nam a2200121Ia 4500008004100000245003900041245003900080260000900119650001400128856004800142999001900190952007300209171211s9999 xx 000 0 und d 4aThe Continuing Evolution of Europe cThiess Buettner and Wolfgang Ochel c2011 xECONOMICS uhttp://down.ebook777.com/062/0262017016.pdf c349600d349600 001040aCLbCLd2017-12-11l0r2017-12-11 00:00:00w2017-12-11yCBE